ბათუმის შოთა რუსთაველის სახელმწიფო უნივერსიტეტის ბიბლიოთეკა

ბიზნესი და მენეჯმენტი №2(51)2017 (ბიბ.ჩანაწერი № 54079)

000 -LEADER
fixed length control field 01387nam a2200229Ia 4500
001 - CONTROL NUMBER
control field 21134
003 - CONTROL NUMBER IDENTIFIER
control field GE_BSU
008 - FIXED-LENGTH DATA ELEMENTS--GENERAL INFORMATION
fixed length control field 181216s||||||||xx |||||||||||||| ||und||
040 ## - CATALOGING SOURCE
Transcribing agency GE_BSU
245 ## - TITLE STATEMENT
Title ბიზნესი და მენეჯმენტი №2(51)2017
245 ## - TITLE STATEMENT
Remainder of title ჟურნალი ბიზნესისა და მართვის ხელოვნების შესახებ
245 ## - TITLE STATEMENT
Statement of responsibility, etc. მთ.რედ: თემურ იობაშვილი
260 ## - PUBLICATION, DISTRIBUTION, ETC.
Place of publication, distribution, etc. თბილისი
260 ## - PUBLICATION, DISTRIBUTION, ETC.
Date of publication, distribution, etc. 2017
300 ## - PHYSICAL DESCRIPTION
Extent 60გვ. 30სმ. ილ.
653 ## - INDEX TERM--UNCONTROLLED
Uncontrolled term ბიზნესი და მენეჯმენტი №2(51)2017
653 ## - INDEX TERM--UNCONTROLLED
Uncontrolled term ეკონომიკა,ბიზნესი
653 ## - INDEX TERM--UNCONTROLLED
Uncontrolled term პერიოდიკა
653 ## - INDEX TERM--UNCONTROLLED
Uncontrolled term ჟურნალი ბიზნესისა და მართვის ხელოვნების შესახებ
653 ## - INDEX TERM--UNCONTROLLED
Uncontrolled term სამეწარმეო მენეჯმენტი,სახელმწიფო მართვა,გეოეკონომიკა,რეიტინგები,ბიზნეს-ისტორიები,რეკლამა და მარკეტინგი,ტრანსპორტი და ენერგეტიკა,ბიზნესი და მენეჯერები.
942 ## - ADDED ENTRY ELEMENTS (KOHA)
Koha item type პერიოდიკა
ეგზემპლარები
Withdrawn status Lost status Damaged status Not for loan Date acquired Barcode Date last seen Price effective from Koha item type Public note
        2018-12-17 p 78714 2018-12-17 2018-12-17 პერიოდიკა პერიოდიკა
        2018-12-17 p 78713 2018-12-17 2018-12-17 პერიოდიკა პერიოდიკა